The twins and the scholar : (Registro nro. 53701)
[ vista simple ]
| 000 -LÍDER | |
|---|---|
| Campo fijo de descripción fija | 01229aas a2200229 4500 |
| 001 - NÚMERO DE CONTROL | |
| Campo de control | 768714001 |
| 003 - IDENTIFICADOR DEL NÚMERO DE CONTROL | |
| Campo de control | CO-MdFUSB |
| 005 - FECHA Y HORA DE LA ULTIMA TRANSACCIÓN | |
| control field | 20171107115643.0 |
| 008 - ELEMENTOS DE LONGITUD FIJA -- INFORMACIÓN GENERAL | |
| Campo fijo de descripción fija -- Información general | 170727s1996 xxu||||| |||| 00| 0 eng d |
| 022 ## - NÚMERO INTERNACIONAL NORMALIZADO PARA PUBLICACIONES SERIADAS | |
| Número Internacional Normalizado para Publicaciones Seriadas | 0098-9444 |
| 040 ## - FUENTE DE CATALOGACIÓN | |
| Agencia Catalogadora | CO-MdFUSB |
| Idioma de catalogación | spa |
| Agencia que realiza la transcripción | CO-MdFUSB |
| Agencia que realiza la modificación | CO-MdFUSB |
| 041 ## - CÓDIGO DE IDIOMA | |
| Código de idioma para texto/pista de sonido o título separado | spa |
| 100 1# - ASIENTO PRINCIPAL--NOMBRE PERSONAL | |
| Nombre personal | Dewsnap, Molly |
| Término relacionador | autor |
| 242 14 - TRADUCCIÓN DEL TÍTULO POR AGENCIA CATALOGADORA | |
| Traducción del título | Los gemelos y el erudito : |
| Traducción del subtítulo | cómo dos Hermanas victorianas y un Rabino descubrieron el texto hebreo de Ben Sira |
| 245 14 - TÍTULO | |
| Título | The twins and the scholar : |
| Subtitulo | how two Victorian Sisters and Rabbi discovered the hebrew text of Ben Sira |
| Mención de responsabilidad | / Molly Dewsnap |
| 300 ## - DESCRIPCIÓN FÍSICA | |
| Extensión | Volumen 22. Número 5 (1996), páginas 54-62 |
| Dimensiones | : 28 cm. |
| 520 1# - NOTA DE RESUMEN, ETC. | |
| Nota de sumario, etc. | elogiemos ahora a las mujeres famosas: cuando hermanas gemelas en busca de manuscritos bíblicos hace 100 años, tuvieron éxito mucho más de lo que podrían haber esperado, no solo encontrando el texto hebreo original de la Sabiduría de Ben Sira, sino también siguiendo el rastro del mayor tesoro manuscrito judío jamás encontrado. |
| 546 ## - NOTA DE IDIOMA | |
| Nota de idioma | Texto en inglés |
| 650 #7 - ASIENTO SECUNDARIO DE MATERIA - TERMINO TEMÁTICO | |
| 9 (RLIN) | 403 |
| Término temático o nombre geográfico como elemento de entrada | Excavaciones arqueológicas |
| 773 0# - ASIENTO DE ITEM FUENTE | |
| Título | Biblical Archaeology Review |
| Biblionumber | 49395 |
| Itemnumber | 59493 |
| Parte(s) relacionada(s) / Volumen., número. (mes año), páginas | Volumen 22. Número 5 (1996), páginas 54-62 |
| Enumeración y primera página | Página 54 |
| 942 ## - TIPO DE MATERIAL (KOHA) | |
| Tipo de Item KOHA | Artículos de Revista |
| Expurgo - (Retirado) | Estado de Perdido | Estado de Dañado | No prestable | Colección | Ubicación habitual | Ubicación actual | Fecha de Adquisición | Signatura Topográfica | Tipo de Material |
|---|---|---|---|---|---|---|---|---|---|
| Colección de Hemeroteca | Biblioteca FUSBC | Biblioteca FUSBC | 26/01/2016 | Artículos de Revista |
